Analogies monde antique - Statistiques

Statistiques générales
  • Ce quiz a été pris 21 fois
  • Le résultat moyen est 5 sur 20
Statistiques - réponses
L'un est à l'autre Ce que ... ... est à ... % Correct
Burdigala est à Bordeaux Lugdunum est à Lyon
95%
Le forum est au monde romain Agora est au monde grec
84%
L'Odyssée est au monde grec Enéide est au monde romain
42%
Homère est à l'épopée grecque Virgile est à l'épopée romaine
42%
Le Pirée est à Athènes Ostie est à Rome
37%
Aristote est à Alexandre Sénèque est à Néron
37%
Le denier est au monde romaine drachme est au monde grec
21%
Le légionnaire est au monde romain hoplite est au monde grec
21%
Tite-Live est à l'histoire romaine Flavius Josèphe est à l'histoire juive
16%
L'amphithéâtre est aux gladiateurs hippodrome est aux auriges
16%
Séleucos est aux Séleucides Ptolémée est aux Lagides
16%
Romulus est à Rome Thésée est à Athènes
11%
Vercingétorix est à la Gaule Boudica est à Britannia
5%
Epicure est à l'épicurisme Diogène est au cynisme
5%
Alésia aux Gaulois Numance est aux Celtibères
5%
Marius est aux populares Sylla est aux optimates
5%
Tite-Live est à l'histoire royale et républicaine romaine Tacite est à l'histoire impériale romain
5%
L'âne d'or est au roman latin Daphnis et Chloé est au roman grec
0%
Socrate est à Platon Epictète est à Arrien
0%
Les Celtibères sont aux Romains Maccabées sont aux Séleucides
0%
Aucun quiz correspondant
Distribution des résultats
% des personnes avec chaque résultat
Percentile par nombre de réponses
Votre historique - résultats
Vous n’avez pas pris ce quiz